| 000 | 00438nam a22001817a 4500 | ||
|---|---|---|---|
| 003 | NUST - PNEC | ||
| 005 | 20170116180840.0 | ||
| 008 | 150819b xxu||||| |||| 00| 0 eng d | ||
| 020 | _a- | ||
| 040 | _cLIBRARY | ||
| 082 | _a891.4393 UME | ||
| 100 |
_95291 _aUmera Ahmed |
||
| 245 |
_aMery zaat zarra-e-Benishan _cUmera Ahmed |
||
| 250 | _a1st ed. | ||
| 260 | _cc2012. | ||
| 650 |
_95292 _aUrdu Literature _xGeneral |
||
| 942 |
_2ddc _cBK |
||
| 999 |
_c64364 _d64364 |
||